| 000 | 00737nam a22002057a 4500 | ||
|---|---|---|---|
| 999 |
_c10341 _d10341 |
||
| 003 | AR-CdUCM | ||
| 008 | 190401b ||||| |||| 00| 0 spa d | ||
| 040 |
_aMUNICIPALIDAD PROVINCIAL DEL CUSCO _cBIBLIOTECA MUNICIPAL DEL CUSCO |
||
| 082 |
_aEP / 895.1 / _bL337 |
||
| 245 |
_aLas siete hermanas : _bCuentos populares Chinos / |
||
| 260 |
_aChina : _bGuoji Shudian, _c1983. |
||
| 300 |
_a116 paginas ; _bIlustraciones, _c20 cm. |
||
| 505 | _aContenido: Hueso de azufaifa -- ¡Tesoros! -- Un servidor domestico -- Las siete hermanas... | ||
| 650 |
_aCuentos populares _93184 |
||
| 650 |
_aLiteratura escolar _926679 |
||
| 650 |
_aChina _9843 |
||
| 700 |
_aEdiciones de lenguas extranjeras _927138 |
||
| 942 |
_2ddc _cLIBROS |
||
| 945 | _adavv | ||